Plus grandes villes du Pakistan - Statistiques

Statistiques générales
  • Ce quiz a été pris 549 fois
  • Le résultat moyen est 5 sur 10
Statistiques - réponses
Population Ville % Correct
1,163,584 Islamabad
99%
16,459,472 Karachi
93%
13,095,166 Lahore
87%
2,272,812 Peshawar
40%
3,542,020 Faisalabad
38%
1,886,734 Hyderabad
36%
2,059,534 Multan
34%
2,280,733 Rawalpindi
32%
1,129,361 Quetta
29%
2,290,461 Gujranwala
20%
Aucun quiz correspondant
Distribution des résultats
% des personnes avec chaque résultat
Percentile par nombre de réponses
Votre historique - résultats
Vous n’avez pas pris ce quiz